000 00524nam a2200193Ia 4500
005 20250326124206.0
008 250326s9999 xx 000 0 und d
037 _aTextbook
040 _aFMSL
_beng
_cFMSL
041 _aeng
_2eng
084 _aX:51 K7
_qFMSL
100 _aAlexander R S
_9147778
245 0 _aIndustrial marketing
_cAlexander R S; Cross J S And Others
250 _a3
260 _aUSA
_bUSA, Richard D Irwin
_c1967
300 _a698p
942 _cTB
_hX:51 K7
999 _c1272663
_d1272663